1215 1209 1712 1352 1783 1589 1292 1716 1112 1366 1082 1506 1390 1502 1826 1206 1266 1699 1224 1784 1515 1591 1505 1493 1871 1026 1398 1393 1696 1828 1506 1562 1450 1749 1313 1682 1905 1634 1581 1027 1987 1404 1586 1172 1692 1803 1033 1970 1626 1158 1251 1766 1113 1566 1527 1145 1647 1898 1346 1513 1069 1236 1680 1587 1926 1244 1587 1333 1410 1394 1492 1449 1089 1371 1417 1474 1199 1590 1917 1184 1924 1019 1439 1210 1251 1786 1144 1883 1582 1670 1137 1485 1855 1215 1252 1613 1830 1685 1985 BCNSPRNW ULIB Ver.6.0+V

เปลี่ยนเป็นภาษาไทย

Change to English
 แสดงรายละเอียดบรรณานุกรม
  กลับหน้าหลัก

Brief Record : Get Marc (ISO 2709) : E-mail record : QR code < ปิดหน้าต่าง
LEADER : 00000nam 2200000uu 4500
001    13399114950
003     ULIB
008    120624s2010||||th 000 0 eng d
020    ^a1437703931
020    ^a9781437703931 (paperback)
060  4 ^aQS4^bE21s
100 1  ^aMS, Edith Applegate.
245 10 ^aThe anatomy and physiology learning system, 4e / ^cEdith Applegate MS.
250    ^a4th ed.
260    ^a[S.l.] : ^bSaunders, ^c2010.
300    ^a518 p. ; ^c28 cm.
650  4 ^aAnatomy
650  0 ^aPhysiology
945    ^p0^l0^i19113
995    ^aKesorn
999    ^aใช้งานได้ทุกระบบ
รายการนี้ยังไม่มีแท็ก
คุณยังไม่ได้ล็อกอิน คุณสามารถมีกิจกรรมร่วมกับเว็บไซต์ได้ แต่ต้องล็อกอินก่อน ::
  ล็อกอิน

รายการสื่อสารสนเทศ

ลำดับที่ ประเภท เลขเรียก/บาร์โค้ด สถานที่ สถานะ
- ไม่พบข้อมูล -

รายการใกล้เคียง
    ผู้แต่ง [MS, Edith Applegate.]

    หัวเรื่อง [Anatomy]
    หัวเรื่อง [Physiology]

BibComment


ยังไม่เคยถูกคอมเมนท์

คอมเมนท์ทรัพยากรรายการนี้
  คอมเมนท์: The anatomy and ..


 Copyright 2026. Bcnsprnw @Library